| 000 | 00491nam a22001817a 4500 | ||
|---|---|---|---|
| 999 |
_c158065 _d158065 |
||
| 005 | 20181016143219.0 | ||
| 010 | _aENG-124311 | ||
| 020 |
_a9789385932557 _c495.00 |
||
| 035 | _aEN-107843 | ||
| 037 | _bDBAD/PUB | ||
| 082 | _aS | ||
| 100 | _aVandana Singh | ||
| 245 |
_aAmbiguity machines: _cby Vandana Singh _band other stories / |
||
| 260 |
_aNew Delhi _bZuban _c2018 |
||
| 270 |
_a128 B Shahpur Ist floor _bNew Delhi _e110049 |
||
| 300 |
_a312p. _c21cm(pbk) |
||
| 942 |
_2ddc _cEN _hS _mVAN |
||